Statistiques concernant Toutes les communes des Pyrénées-Orientales sur une carte

Cliquez ici pour prendre le quiz!

Statistiques générales

  • Ce quiz a été pris 1 268 fois
  • Le résultat moyen est 81 sur 226

Réponses sur la Carte

Les réponses sont colorées sur une échelle allant du rouge au vert en fonction du pourcentage des utilisateurs qui les ont devinées à leur premier essai. Vous pouvez retrouver ces pourcentages ci-dessous.
 

Statistiques - réponses

PopulationCommune% Correct
119 656Perpignan
99%
10 792Argelès-sur-Mer
88%
6 124Prades
79%
2 517Collioure
78%
1 257Cerbère
77%
7 648Céret
77%
12 598Canet-en-Roussillon
76%
11 398Saint-Cyprien
73%
1 310Banyuls-dels-Aspres
72%
4 671Banyuls-sur-Mer
72%
1 780Font-Romeu-Odeillo-Via
70%
6 049Le Barcarès
69%
3 969Port-Vendres
66%
9 099Rivesaltes
63%
4 784Sainte-Marie-la-Mer
63%
5 321Le Boulou
61%
9 428Elne
60%
1 027Saint-Laurent-de-Cerdans
60%
10 010Saint-Laurent-de-la-Salanque
60%
554Angoustrine-Villeneuve-des-Escaldes
57%
8 173Thuir
57%
10 338Cabestany
56%
4 270Villeneuve-de-la-Raho
56%
5 538Ille-sur-Têt
55%
539Les Angles
55%
207Villefranche-de-Conflent
55%
1 366Villeneuve-la-Rivière
55%
3 752Salses-le-Château
54%
10 733Pia
53%
11 550Saint-Estève
53%
3 821Torreilles
53%
3 565Amélie-les-Bains-Palalda
52%
1 757Saint-Paul-de-Fenouillet
52%
1 570Saint-Jean-Lasseille
51%
2 258Saint-Jean-Pla-de-Corts
51%
560Le Perthus
50%
7 846Le Soler
50%
877Tautavel
50%
7 619Bompas
49%
7 334Toulouges
49%
4 294Millas
48%
147Mont-Louis
48%
79Py
47%
4 681Claira
46%
3 400Saint-André
46%
3 301Villelongue-de-la-Salanque
46%
1 858Villelongue-dels-Monts
46%
1 134Prats-de-Mollo-la-Preste
45%
2 794Arles-sur-Tech
44%
2 727Baixas
44%
2 087Estagel
44%
380Eus
44%
2 156Vinça
44%
6 534Canohès
43%
531Corneilla-de-Conflent
43%
2 561Corneilla-del-Vercol
43%
2 022Corneilla-la-Rivière
43%
3 221Latour-Bas-Elne
43%
342Olette
43%
1 202Opoul-Périllos
43%
261Saint-Pierre-dels-Forcats
43%
5 671Saleilles
43%
3 619Alénya
42%
3 327Baho
42%
2 785Saint-Nazaire
42%
4 482Bages
41%
1 204Bourg-Madame
41%
5 402Pollestres
41%
104Porté-Puymorens
41%
1 231Saint-Féliu-d'Amont
41%
2 918Saint-Féliu-d'Avall
41%
461Latour-de-Carol
40%
785Maury
40%
412Palau-de-Cerdagne
40%
3 135Palau-del-Vidre
40%
38Pézilla-de-Conflent
40%
3 942Pézilla-la-Rivière
40%
3 227Saint-Hippolyte
40%
3 448Sorède
40%
2 257Trouillas
40%
808Bolquère
39%
202Espira-de-Conflent
39%
3 532Espira-de-l'Agly
39%
573Marquixanes
39%
1 445Vernet-les-Bains
39%
286Castelnou
38%
955Bouleternère
37%
2 219Laroque-des-Albères
37%
1 372Osséja
37%
1 173Saillagouse
37%
2 171Théza
37%
348Ur
37%
120Fontpédrouse
36%
1 690Peyrestortes
36%
2 911Saint-Génis-des-Fontaines
36%
146Eyne
35%
1 043Latour-de-France
35%
161Llo
35%
2 762Maureillas-las-Illas
35%
1 798Ortaffa
35%
2 922Ponteilla
35%
549Vingrau
35%
1 581Brouilla
34%
778Corbère
34%
1 098Corbère-les-Cabanes
34%
699Err
34%
496Formiguères
34%
696La Cabanasse
34%
2 140Llupia
34%
1 612Montescot
34%
113Porta
34%
969Cases-de-Pène
33%
218La Llagonne
33%
1 343Néfiach
33%
1 324Ria-Sirach
33%
220Calce
32%
90Coustouges
32%
278Matemale
32%
1 273Montesquieu-des-Albères
32%
357Saint-Michel-de-Llotes
32%
486Sournia
32%
31Thuès-Entre-Valls
32%
1 323Villemolaque
32%
133Caixas
31%
1 316Fourques
31%
61Boule-d'Amont
30%
131Caramany
30%
18Caudiès-de-Conflent
30%
589Caudiès-de-Fenouillèdes
30%
98Le Tech
30%
344Oms
30%
50Saint-Martin-de-Fenouillet
30%
212Bélesta
29%
142Casteil
29%
317Llauro
29%
59Puyvalador
29%
677Rodès
29%
228Serdinya
29%
418Égat
28%
626Enveitg
28%
467Estavar
28%
55Lamanère
28%
331Montner
28%
457Camélas
27%
66L'Albère
27%
316Mosset
27%
1 244Reynès
27%
34Valmanya
27%
266Clara-Villerach
26%
233Les Cluses
26%
155Montalba-le-Château
26%
1 039Passa
26%
162Sainte-Colombe-de-la-Commanderie
26%
326Taurinya
26%
782Terrats
26%
1 155Tresserre
26%
173Vivès
26%
144Estoher
25%
92Fenouillet
25%
131Fontrabiouse
25%
976Los Masos
25%
248Molitg-les-Bains
25%
123Sainte-Léocadie
25%
128Arboussols
24%
173Dorres
24%
177Montbolo
24%
55Planès
24%
70Saint-Marsal
24%
98Sauto
24%
40Ayguatébia-Talau
23%
743Catllar
23%
367Joch
23%
65La Bastide
23%
67Le Vivier
23%
33Mantet
23%
206Montferrer
23%
152Nyer
23%
78Prats-de-Sournia
23%
235Serralongue
23%
195Targassonne
23%
35Valcebollère
23%
167Ansignan
22%
283Cassagnes
22%
357Codalet
22%
244Corsavy
22%
251Montauriol
22%
76Nahuja
22%
104Saint-Arnac
22%
121Baillestavy
21%
202Fillols
21%
201Finestret
21%
434Fuilla
21%
43Jujols
21%
60Nohèdes
21%
26Oreilla
21%
703Rigarda
21%
47Urbanya
21%
41Campoussy
20%
61Feilluns
20%
41Fosse
20%
105Prugnanes
20%
69Réal
20%
27Sansa
20%
44Tarerach
20%
184Tordères
20%
27Vira
20%
115Campôme
19%
119Escaro
19%
141Lesquerde
19%
23Railleu
19%
161Rasiguères
19%
399Sahorre
19%
174Trévillach
19%
43Casefabre
18%
91Lansac
18%
47Prunet-et-Belpuig
18%
105Taillet
18%
76Trilla
18%
60Calmeilles
17%
33Canaveilles
17%
19Glorianes
17%
93Planèzes
17%
89Rabouillet
17%
59Taulis
16%
34Souanyas
15%
61Conat
14%

Distribution des résultats

Percentile par nombre de réponses

% des personnes avec chaque résultat

Votre développement - résultats

Vous n’avez pas pris ce quiz